Yin ying chʻi hou pien chʻien cheng tʻi hsing hai an kuan li kuo chi yen hsi hui = International workshop, planning for climate change through integrated coastal management : February 24-28, 1997, Chinese Taipei.

Bibliographic Details
Corporate Authors: Asia Foundation, United States. National Oceanic and Atmospheric Administration
Format: Government Document Book
Language:English
Published: [Silver Spring, Md.] : [National Oceanic and Atmospheric Administration], [1997-]
Subjects:

MARC

Tag First Indicator Second Indicator Subfields
LEADER 00000cam a2200000 a 4500
001 in00001399021
005 20151020055036.0
008 971114m19979999mdu b f000 0 eng d
010 |a gp 97078105  
035 |a (OCoLC)37937394 
035 |9 AHN3243AM 
040 |a GPO  |c GPO  |d DLC  |d MvI  |d UtOrBLW 
074 |a 0250-E-02 
086 0 |a C 55.2:W 89/3/CHINESE 
245 0 0 |a Yin ying chʻi hou pien chʻien cheng tʻi hsing hai an kuan li kuo chi yen hsi hui =  |b International workshop, planning for climate change through integrated coastal management : February 24-28, 1997, Chinese Taipei. 
246 3 0 |a International workshop, planning for climate change through integrated coastal management 
246 3 0 |a Planning for climate change through integrated coastal management 
264 1 |a [Silver Spring, Md.] :  |b [National Oceanic and Atmospheric Administration],  |c [1997-] 
300 |a volumes ;  |c 28 cm. 
336 |a text  |b txt  |2 rdacontent 
337 |a unmediated  |b n  |2 rdamedia 
338 |a volume  |b nc  |2 rdacarrier 
500 |a Title romanized. 
500 |a Text in English. 
500 |a Shipping list number: 98-0028-P (volume 1). 
504 |a Includes bibliographical references (volume 1, pages 49-50). 
505 1 |a v. 1. Summary report. 
505 1 |a v. 2. Country and Regional Reports. 
650 0 |a Coastal zone management  |x International cooperation  |x Congresses. 
650 0 |a Climatic changes  |v Congresses. 
650 0 |a Sea level  |v Congresses. 
650 0 |a Coastal ecology  |v Congresses. 
710 2 |a Asia Foundation. 
710 1 |a United States.  |b National Oceanic and Atmospheric Administration. 
999 |a MARS 
999 f f |s cc70d4c3-0391-36fa-852d-1bef478ff44d  |i cc356d9b-c0e9-3afc-8a59-eb355ff049ce  |t 0 
952 f f |p normal  |a Texas A&M University  |b College Station  |c Sterling C. Evans Library  |d Evans: US Documents (Annex 5th floor)  |t 0  |e C 55.2:W 89/3/V.1-/CHINESE  |h Superintendent of Documents classification  |i unmediated -- volume  |k v.1  |m A14821775269 
952 f f |p normal  |a Texas A&M University  |b College Station  |c Sterling C. Evans Library  |d Evans: US Documents (Annex 5th floor)  |t 0  |e C 55.2:W 89/3/V.1-/CHINESE  |h Superintendent of Documents classification  |i unmediated -- volume  |k v.2  |m A14820684902 
998 f f |a C 55.2:W 89/3/V.1-/CHINESE  |s v.1-2  |t 0  |l Evans: US Documents (Annex 5th floor)